Kissin' Cousins Quiz Stats

 Plays Quiz not verified by Sporcle

Support Sporcle.
Go Orange.
Score 0/25 Timer 02:00
0 Plays Today
% Correct
Alabama
87.4%
Florida
81%
Georgia
80.2%
New York
77.1%
California
76.9%
Maine* & ***
76%
Virginia
75.8%
North Carolina**
75.6%
South Carolina
74.9%
Tennessee
72.8%
Alaska
66.2%
Vermont
65.8%
Arizona*
64.3%
% Correct
Maryland
62.5%
Massachusetts
62.5%
Utah*
61.9%
Hawaii
61.4%
New Mexico
60.6%
New Jersey
59.7%
Illinois*
59%
Indiana*
57.7%
Rhode Island
57.3%
Connecticut
56.6%
Colorado
56.4%
Wisconsin*
40.5%

You're not logged in!

Compare scores with friends on all Sporcle quizzes.
OR
Log In

From the Vault

Pick 5 in 15: Disney Dwarfs

by MSUKent

What were their names again? Cranky? Slappy? Chunky?
Remove Ads.
Support Sporcle.
Get the best of Sporcle when you Go Orange. This ad-free experience offers more features, more stats, and more fun while also helping to support Sporcle. Thank you for becoming a member.

Show Comments

Extras

Top Quizzes Today


Score Distribution

Your Account Isn't Verified!

In order to create a playlist on Sporcle, you need to verify the email address you used during registration. Go to your Sporcle Settings to finish the process.

Report this User

Report this user for behavior that violates our Community Guidelines.

Details: